000 00597nam a2200229Ia 4500
003 OSt
005 20220918194231.0
006 a|||||r|||| 00| 0
007 ta
008 220917b |||||||| |||| 00| 0 eng d
024 _a78,429
037 _cTextual
040 _aARTS
_cARTS
_beng
041 _2eng
_aeng
082 _aS0Q3, J5
100 _aMehta Mohan Lal
245 0 _aJaina psychology
_b a psychological analysis of the jaina doctries of kara
260 _c1955
650 _aPSYCHOLOGY
942 _hS0Q3, J5
_cTEXL
_2CC
999 _c202227
_d202227